सूर्य हिंदी : (Record no. 111561)

MARC details
000 -LEADER
fixed length control field 00939nam a22002537a 4500
005 - DATE AND TIME OF LATEST TRANSACTION
control field 20170124102926.0
010 ## - LIBRARY OF CONGRESS CONTROL NUMBER
LC control number A-959369
020 ## - INTERNATIONAL STANDARD BOOK NUMBER
Terms of availability 35.00
035 ## - SYSTEM CONTROL NUMBER
System control number A-959369
037 ## - SOURCE OF ACQUISITION
Source of stock number/acquisition Cen Lib/Ret
040 ## - CATALOGING SOURCE
Original cataloging agency DPL
Language of cataloging HN
082 ## - DEWEY DECIMAL CLASSIFICATION NUMBER
Classification number 808.4
Item number शरण
100 ## - MAIN ENTRY--PERSONAL NAME
Personal name शरण
9 (RLIN) 43477
245 ## - TITLE STATEMENT
Title सूर्य हिंदी :
Statement of responsibility, etc शरण
Remainder of title निबंध /
246 ## - VARYING FORM OF TITLE
Title proper/short title Surye hindi : nibandh /
Remainder of title by Sharan
260 ## - PUBLICATION, DISTRIBUTION, ETC. (IMPRINT)
Place of publication, distribution, etc दिल्ली
Name of publisher, distributor, etc सुमित पब्लिकेशनस
270 ## - ADDRESS
Address २६१९-२०/१४, न्यू मार्किट
City दिल्ली
Postal code 110006
300 ## - PHYSICAL DESCRIPTION
Extent 264पृ.
Dimensions 16सेमी(सजिल्द )
650 ## - SUBJECT ADDED ENTRY--TOPICAL TERM
Topical term or geographic name as entry element हिंदी साहित्य
General subdivision
Geographic subdivision
9 (RLIN) 43478
650 ## - SUBJECT ADDED ENTRY--TOPICAL TERM
Topical term or geographic name as entry element हिंदी निबंध
Form subdivision
9 (RLIN) 43479
650 ## - SUBJECT ADDED ENTRY--TOPICAL TERM
Topical term or geographic name as entry element Hindi literature
9 (RLIN) 43480
650 ## - SUBJECT ADDED ENTRY--TOPICAL TERM
Topical term or geographic name as entry element Hindi essays
9 (RLIN) 43481
942 ## - ADDED ENTRY ELEMENTS (KOHA)
Source of classification or shelving scheme Dewey Decimal Classification
Koha item type Hindi Books
Classification part 808.4
Call number suffix शरण
Holdings
Withdrawn status Lost status Damaged status Not for loan Home library Current library Date acquired Source of acquisition Cost, normal purchase price Total Checkouts Full call number Barcode Date last seen Date checked out Copy number Cost, replacement price Price effective from Koha item type
        Central Library Central Library 03/08/2015 Cen Lib/Ret 35.00 1 808.4 शरण A-959369 12/04/2018 27/03/2018 1 35.00 03/08/2015 Hindi Books

© Delhi Public Library
Hit Counter
free hit counter